[Event "SRB-chT 1st League"]
[Site "Vrnjacka Banja"]
[Date "2007.10.14"]
[Round "6.2"]
[White "Cvetkovic, Nemanja"]
[Black "Urosevic, Zoran"]
[Result "0-1"]
[WhiteElo "2276"]
[BlackElo "2270"]
[PlyCount "74"]
[EventDate "2007.09.08"]
[EventType "team"]
[EventRounds "11"]
[EventCountry "SRB"]
[SourceTitle "EXT 2012"]
[Source "ChessBase"]
[SourceDate "2011.11.24"]
[SourceVersion "1"]
[SourceVersionDate "2011.11.24"]
[SourceQuality "1"]
[WhiteTeam "Bozevac Zadrugar"]
[BlackTeam "Sabac"]
[WhiteTeamCountry "SRB"]
[BlackTeamCountry "SRB"]

1. d4 Nf6 2. c4 c5 3. d5 e5 4. Nc3 d6 5. e4 Nbd7 6. g4 h6 7. Be3 Be7 8. h4 Nh7 9. g5 hxg5 10. hxg5 Bxg5 11. Qd2 Bxe3 12. Qxe3 a6 13. 0-0-0 Ndf6 14. f4 Ng4 15. Qg3 exf4 16. Qxf4 Qf6 17. Qxf6 Ngxf6 18. Na4 Bg4 19. Re1 Nd7 20. Be2 Bxe2 21. Rxe2 b5 22. cxb5 axb5 23. Nc3 b4 24. Nb5 Ke7 25. Reh2 Ndf6 26. e5 dxe5 27. Nf3 Ra5 28. d6+ Ke6 29. a4 Rxa4 30. Ng5+ Nxg5 31. Rxh8 Ra5 32. d7 Kxd7 33. Rd1+ Kc6 34. Rd6+ Kxb5 35. Rb8+ Kc4 36. Kc2 Ra2 37. Kb1 b3 0-1

[Event "SRB-chT 1st League"]
[Site "Vrnjacka Banja"]
[Date "2007.??.??"]
[Round "10.1"]
[White "Urosevic, Zoran"]
[Black "Nikolic, Zivoslav"]
[Result "1/2-1/2"]
[WhiteElo "2270"]
[BlackElo "2417"]
[PlyCount "28"]
[EventDate "2007.09.08"]
[EventType "team"]
[EventRounds "11"]
[EventCountry "SRB"]
[SourceTitle "EXT 2012"]
[Source "ChessBase"]
[SourceDate "2011.11.24"]
[SourceVersion "1"]
[SourceVersionDate "2011.11.24"]
[SourceQuality "1"]
[WhiteTeam "Sabac"]
[BlackTeam "Smederevski"]
[WhiteTeamCountry "SRB"]
[BlackTeamCountry "SRB"]

1. e4 e6 2. d4 d5 3. Nc3 Bb4 4. e5 c5 5. Bd2 Ne7 6. Nb5 Bxd2+ 7. Qxd2 0-0 8. f4 a6 9. Nc3 cxd4 10. Nce2 Nbc6 11. Nf3 Qb6 12. 0-0-0 Bd7 13. Nexd4 Rfc8 14. Kb1 Nxd4 1/2-1/2

[Event "SRB-chT2 West"]
[Site "Serbia"]
[Date "2006.10.27"]
[Round "9.6"]
[White "Kurcubic, Jelenko"]
[Black "Urosevic, Zoran"]
[Result "1-0"]
[WhiteElo "2234"]
[BlackElo "2289"]
[PlyCount "99"]
[EventDate "2006.09.09"]
[EventType "team"]
[EventRounds "11"]
[EventCountry "SRB"]
[SourceTitle "EXT 2012"]
[Source "ChessBase"]
[SourceDate "2011.11.24"]
[SourceVersion "1"]
[SourceVersionDate "2011.11.24"]
[SourceQuality "1"]

1. e4 c5 2. Nf3 d6 3. d4 cxd4 4. Nxd4 Nf6 5. Nc3 a6 6. Be3 Ng4 7. Bg5 h6 8. Bh4 g5 9. Bg3 Bg7 10. Qd2 Nc6 11. Nb3 Nge5 12. f3 Ng6 13. 0-0-0 Be6 14. Bf2 Rc8 15. Nd5 Bxd5 16. exd5 Nce5 17. Nd4 Qd7 18. g3 Qa4 19. Kb1 Bf6 20. b3 Qa3 21. c4 g4 22. f4 Nf3 23. Nxf3 gxf3 24. Bd4 Bxd4 25. Qxd4 0-0 26. Bd3 b5 27. cxb5 axb5 28. Bxb5 Ra8 29. Rd2 Rfb8 30. Bc4 Rb4 31. h4 Rc8 32. Rb2 Nf8 33. Rc1 Rc7 34. f5 Nh7 35. g4 Nf6 36. g5 hxg5 37. hxg5 Nh5 38. Rh1 Rcxc4 39. bxc4 Rxb2+ 40. Qxb2 Qxb2+ 41. Kxb2 Ng3 42. Rc1 f2 43. a4 f1Q 44. Rxf1 Nxf1 45. a5 Nd2 46. Kc3 Ne4+ 47. Kb4 Nc5 48. Kb5 e5 49. dxe6 fxe6 50. fxe6 1-0

[Event "SRB-chT2 West"]
[Site "Serbia"]
[Date "2006.10.26"]
[Round "7.6"]
[White "Urosevic, Zoran"]
[Black "Mijatovic, Aca"]
[Result "1/2-1/2"]
[WhiteElo "2289"]
[BlackElo "2210"]
[PlyCount "114"]
[EventDate "2006.09.09"]
[EventType "team"]
[EventRounds "11"]
[EventCountry "SRB"]
[SourceTitle "EXT 2012"]
[Source "ChessBase"]
[SourceDate "2011.11.24"]
[SourceVersion "1"]
[SourceVersionDate "2011.11.24"]
[SourceQuality "1"]

1. e4 e5 2. Nf3 Nc6 3. Bb5 a6 4. Ba4 Nf6 5. 0-0 Be7 6. Re1 b5 7. Bb3 d6 8. c3 0-0 9. h3 Bb7 10. d4 Re8 11. Nbd2 Bf8 12. d5 Ne7 13. a4 Ng6 14. c4 b4 15. g3 a5 16. Bc2 Qd7 17. Kg2 Bc8 18. Rh1 c6 19. Bd3 c5 20. Nf1 h6 21. Ne3 Ne7 22. b3 g6 23. Bb2 Bg7 24. Qe2 Nh7 25. g4 h5 26. gxh5 f5 27. Nh4 f4 28. hxg6 Nxg6 29. Nxg6 fxe3 30. Qxe3 Bf6 31. h4 Qg4+ 32. Qg3 Kf7 33. h5 Rg8 34. f3 Qxg3+ 35. Kxg3 Nf8 36. Kf2 Nxg6 37. hxg6+ Rxg6 38. Rh7+ Rg7 39. Rah1 Bd7 40. Rxg7+ Kxg7 41. Bc1 Rh8 42. Rxh8 Kxh8 43. Kg3 Kg7 44. Bf1 Kg6 45. f4 Bc8 46. Be2 Bd7 47. Bg4 Be8 48. Bf5+ Kf7 49. Kg4 Kg7 50. Bb2 exf4 51. Bxf6+ Kxf6 52. Kxf4 Bh5 53. Bg4 Bg6 54. Bd1 Be8 55. Bg4 Bg6 56. Bf5 Bh5 57. Bg4 Bg6 1/2-1/2